000 00764nam a2200205Ii 4500
003 JO-AjNU
008 230605s9999||||xx |||||||||||||| ||und||
017 _a1997/9/1274
040 _aJO-AjNU
_bara
_erda
_cJO-AjNU
041 _aara
050 1 4 _aHG3361.J65. M34 1996
100 3 _aتأليف المالكي، عبد الله عبد المجيد ,
_eauthor
_941215
245 0 0 _aالموسوعة في تاريخ الجهاز المصرفي الاردني : البنك الاسلامي الاردني، مج7
264 3 1 _aعمان: جمعية البنوك، 1996
300 _aمج7، 348ص
336 _atext
_btxt
_2rdacontent
337 _aunmediated
_bn
_2rdamedia
338 _avolume
_bnc
_2rdacarrier
650 4 _aالبنوك - الأردن 
_941216
999 _aA17554
_c21122
_d21122